00271nam a2200109Ia 4500008004100000100001700041245004600058260002300104650001000127942000700137999001700144190216s9999||||xx |||||||||||||| ||und|| aShri Krishan 0aHindi- Pachchis Hasya - Vyangya Rachnayen bAkhil Bhartic2006 aHindi cBK c16428d16428